[Event "TUR-ch"]
[Site "Kemer"]
[Date "2019.11.29"]
[Round "7"]
[White "Yuksel, Atilla Koksal"]
[Black "Gokerkan, Cem Kaan"]
[Result "0-1"]
[WhiteElo "2250"]
[BlackElo "2452"]
[PlyCount "56"]
[EventDate "2019.11.23"]
[EventType "tourn"]
[EventRounds "11"]
[EventCountry "TUR"]
[EventCategory "6"]
[SourceTitle "CBM 193 Extra"]
[Source "ChessBase"]
[SourceDate "2020.01.31"]
[SourceVersion "1"]
[SourceVersionDate "2020.01.31"]
[SourceQuality "1"]

1. e4 c6 2. d4 d5 3. exd5 cxd5 4. c4 Nf6 5. Nc3 e6 6. Bg5 Be7 7. c5 0-0 8. Nf3 b6 9. b4 Ne4 10. Bxe7 Qxe7 11. Rc1 a5 12. a3 axb4 13. axb4 Nc6 14. Qb3 Ng5 15. Rd1 bxc5 16. dxc5 Nxf3+ 17. gxf3 Qh4 18. b5 Nd4 19. Rxd4 Qxd4 20. c6 Ra1+ 21. Nd1 e5 22. Be2 Bh3 23. f4 Bg2 24. Rg1 Be4 25. Rg3 exf4 26. Qc3 Rxd1+ 27. Bxd1 fxg3 28. Qxd4 gxh2 0-1

[Event "TUR-chT"]
[Site "Konya"]
[Date "2019.07.20"]
[Round "4.3"]
[White "Samani, Yamac"]
[Black "Yuksel, Atilla Koksal"]
[Result "1/2-1/2"]
[WhiteElo "2266"]
[BlackElo "2241"]
[PlyCount "95"]
[EventDate "2019.07.17"]
[EventType "team-tourn"]
[EventRounds "13"]
[EventCountry "TUR"]
[SourceTitle "CBM 191 Extra"]
[Source "ChessBase"]
[SourceDate "2019.09.30"]
[SourceVersion "1"]
[SourceVersionDate "2019.09.30"]
[SourceQuality "1"]
[WhiteTeam "Tas Duvar"]
[BlackTeam "Deniz su Aquamatch"]
[WhiteTeamCountry "TUR"]
[BlackTeamCountry "TUR"]

1. e4 c5 2. Nf3 Nc6 3. c3 d5 4. exd5 Qxd5 5. d4 Bg4 6. Be2 e6 7. h3 Bh5 8. c4 Qd7 9. g4 Bg6 10. d5 exd5 11. cxd5 Nb4 12. Ne5 Qxd5 13. 0-0 0-0-0 14. Qxd5 Rxd5 15. Nxg6 hxg6 16. Nc3 Rd7 17. Bb5 Rd8 18. Bf4 Rxh3 19. Rad1 Be7 20. Rxd8+ Bxd8 21. Rd1 Nc6 22. Kg2 Rh8 23. Bc4 g5 24. Bg3 Nh6 25. f3 Bc7 26. Rd5 Rd8 27. Bxc7 Kxc7 28. Rxg5 Rd2+ 29. Kg3 g6 30. Rxc5 Rxb2 31. Kf4 Kd6 32. Ne4+ Ke7 33. Bd5 Rb6 34. Kg5 Ng8 35. Bb3 Ra6 36. Kf4 Nf6 37. Ng5 Nd7 38. Rc1 Nd8 39. Re1+ Ne6+ 40. Nxe6 fxe6 41. Kg5 Nf8 42. f4 Kf7 43. Re5 Nh7+ 44. Kh6 Nf6 45. Kg5 Nh7+ 46. Kh6 Nf6 47. Kg5 Nh7+ 48. Kh6 1/2-1/2

[Event "Karlsruhe Grenke op"]
[Site "Karlsruhe"]
[Date "2019.04.22"]
[Round "8"]
[White "Chekletsov, Ilya"]
[Black "Yuksel, Atilla Koksal"]
[Result "1-0"]
[WhiteElo "2373"]
[BlackElo "2248"]
[PlyCount "83"]
[EventDate "2019.04.18"]
[EventType "swiss"]
[EventRounds "9"]
[EventCountry "GER"]
[SourceTitle "CBM 189 Extra"]
[Source "ChessBase"]
[SourceDate "2019.06.03"]
[SourceVersion "1"]
[SourceVersionDate "2019.06.03"]
[SourceQuality "1"]

1. d4 d5 2. c4 e6 3. Nf3 c6 4. g3 Nd7 5. Bg2 Ngf6 6. 0-0 b6 7. Nbd2 Bb7 8. Qc2 c5 9. cxd5 Nxd5 10. Ne5 Nxe5 11. dxe5 Qc7 12. Rd1 Nb4 13. Qa4+ Bc6 14. Bxc6+ Qxc6 15. Qb3 0-0-0 16. a3 Qd5 17. Qxd5 Nxd5 18. Ne4 h6 19. b3 Be7 20. Bb2 Rd7 21. Rac1 Kb7 22. Rd3 Rhd8 23. Rf3 Bf8 24. h4 a5 25. a4 Nb4 26. h5 Rd1+ 27. Kg2 R1d7 28. g4 Nc6 29. g5 Nd4 30. Bxd4 cxd4 31. gxh6 gxh6 32. Nf6 Rc7 33. Rxc7+ Kxc7 34. Nh7 f5 35. exf6 Kd7 36. Rg3 Ke8 37. Rg8 Kf7 38. Rxf8+ Rxf8 39. Nxf8 Kxf8 40. Kf3 Kf7 41. Ke4 Kxf6 42. f4 1-0

[Event "Karlsruhe Grenke op"]
[Site "Karlsruhe"]
[Date "2019.04.19"]
[Round "2"]
[White "Neiksans, Arturs"]
[Black "Yuksel, Atilla Koksal"]
[Result "1/2-1/2"]
[WhiteElo "2559"]
[BlackElo "2248"]
[PlyCount "119"]
[EventDate "2019.04.18"]
[EventType "swiss"]
[EventRounds "9"]
[EventCountry "GER"]
[SourceTitle "CBM 189 Extra"]
[Source "ChessBase"]
[SourceDate "2019.06.03"]
[SourceVersion "1"]
[SourceVersionDate "2019.06.03"]
[SourceQuality "1"]

1. c4 e6 2. Nf3 b6 3. g3 Bb7 4. Bg2 f5 5. 0-0 Nf6 6. d4 g6 7. Nc3 Bg7 8. d5 0-0 9. Qc2 Na6 10. Rd1 Qc8 11. Bf4 Re8 12. Rac1 Nh5 13. Bd2 Nf6 14. a3 Nc5 15. Ng5 h6 16. Nh3 Kh7 17. b4 Nce4 18. Nxe4 fxe4 19. Bc3 e5 20. g4 d6 21. g5 Nh5 22. Qxe4 Qf5 23. Qxf5 gxf5 24. Bf3 Kg6 25. gxh6 Bxh6 26. e3 Nf6 27. Kh1 Kf7 28. Rg1 Rg8 29. Rxg8 Rxg8 30. Rg1 Rxg1+ 31. Kxg1 b5 32. cxb5 Bxd5 33. Bxd5+ Nxd5 34. Bd2 Nb6 35. Kf1 Nc4 36. Bc1 d5 37. f4 e4 38. Ke2 Kg6 39. Kd1 Kh5 40. Kc2 Kg4 41. Ng5 Bxg5 42. fxg5 Kxg5 43. Kc3 Nd6 44. Kd4 Nxb5+ 45. Kxd5 Kg4 46. Kc6 Nc3 47. Kxc7 Kf3 48. h4 Nd5+ 49. Kb7 Nxe3 50. Bxe3 Kxe3 51. h5 f4 52. h6 f3 53. h7 f2 54. h8Q f1Q 55. Qc3+ Qd3 56. Qc1+ Qd2 57. Qc5+ Qd4 58. Kxa7 Kd3 59. Qxd4+ Kxd4 60. b5 1/2-1/2

[Event "Karlsruhe Grenke op"]
[Site "Karlsruhe"]
[Date "2019.04.19"]
[Round "3"]
[White "Yuksel, Atilla Koksal"]
[Black "Malakhatko, Vadim"]
[Result "0-1"]
[WhiteElo "2248"]
[BlackElo "2508"]
[PlyCount "72"]
[EventDate "2019.04.18"]
[EventType "swiss"]
[EventRounds "9"]
[EventCountry "GER"]
[SourceTitle "CBM 189 Extra"]
[Source "ChessBase"]
[SourceDate "2019.06.03"]
[SourceVersion "1"]
[SourceVersionDate "2019.06.03"]
[SourceQuality "1"]

1. e4 c5 2. Nc3 e6 3. Bc4 Nc6 4. d3 Nge7 5. f4 d5 6. Bb3 dxe4 7. dxe4 Qxd1+ 8. Nxd1 Nd4 9. c3 Nxb3 10. axb3 b6 11. Nf3 Bb7 12. Nf2 Nc6 13. Be3 Na5 14. Nd2 Be7 15. Kd1 f5 16. Kc2 0-0 17. Rhe1 e5 18. g3 exf4 19. gxf4 fxe4 20. Nfxe4 Nc6 21. Ng3 Bh4 22. Nc4 Ne7 23. Rad1 Nd5 24. Nd6 Bc6 25. Bc1 Nxf4 26. Ndf5 Ng6 27. Nxh4 Nxh4 28. Re7 Be8 29. Be3 Ng2 30. Bg1 Bg6+ 31. Kc1 Rfe8 32. Rdd7 Rxe7 33. Rxe7 Nf4 34. b4 Kf8 35. Rd7 Nd3+ 36. Kd2 Ne5 0-1

[Event "TUR Cup"]
[Site "Antalya"]
[Date "2019.02.03"]
[Round "11"]
[White "Yuksel, Atilla Koksal"]
[Black "Tarlabasi, Emirhan"]
[Result "1-0"]
[WhiteElo "2236"]
[BlackElo "2264"]
[PlyCount "57"]
[EventDate "2019.01.27"]
[EventType "swiss"]
[EventRounds "11"]
[EventCountry "TUR"]
[SourceTitle "CBM 188 Extra"]
[Source "ChessBase"]
[SourceDate "2019.02.26"]
[SourceVersion "1"]
[SourceVersionDate "2019.02.26"]
[SourceQuality "1"]

1. e4 e6 2. d4 d5 3. Nd2 a6 4. Ngf3 c5 5. exd5 exd5 6. dxc5 Bxc5 7. Nb3 Bb6 8. Be2 Nf6 9. 0-0 0-0 10. Bg5 h6 11. Bh4 g5 12. Bg3 Ne4 13. Bxb8 Rxb8 14. Nfd4 Bc7 15. g3 Qd6 16. Bf3 f5 17. Qd3 f4 18. Bg2 b5 19. f3 Nxg3 20. hxg3 fxg3 21. Rae1 Rb6 22. Re2 Bd8 23. Rfe1 Kg7 24. Re8 Bf6 25. Rxc8 Qf4 26. Rxf8 Kxf8 27. Ne6+ Rxe6 28. Rxe6 Be5 29. Bh3 1-0

[Event "TUR Cup"]
[Site "Antalya"]
[Date "2019.01.29"]
[Round "4"]
[White "Buker, Muhittin"]
[Black "Yuksel, Atilla Koksal"]
[Result "1/2-1/2"]
[WhiteElo "1978"]
[BlackElo "2236"]
[PlyCount "56"]
[EventDate "2019.01.27"]
[EventType "swiss"]
[EventRounds "11"]
[EventCountry "TUR"]
[SourceTitle "CBM 188 Extra"]
[Source "ChessBase"]
[SourceDate "2019.02.26"]
[SourceVersion "1"]
[SourceVersionDate "2019.02.26"]
[SourceQuality "1"]

1. d4 e6 2. c4 b6 3. Nc3 Bb7 4. Nf3 f5 5. g3 Nf6 6. Bg2 g6 7. 0-0 Bg7 8. d5 0-0 9. Bf4 Na6 10. Qd2 Nc5 11. dxe6 Nxe6 12. Bh6 Re8 13. Bxg7 Kxg7 14. b4 Ne4 15. Nxe4 Bxe4 16. Rfd1 d6 17. e3 a5 18. a3 axb4 19. axb4 Qf6 20. Nd4 Nxd4 21. Rxa8 Bxg2 22. Kxg2 Rxa8 23. Qxd4 Qxd4 24. Rxd4 Ra4 25. b5 Kf6 26. h4 Ke7 27. Kf3 d5 28. c5 Rxd4 1/2-1/2

[Event "TUR Cup"]
[Site "Antalya"]
[Date "2019.01.28"]
[Round "2"]
[White "Eke, Salih"]
[Black "Yuksel, Atilla Koksal"]
[Result "0-1"]
[WhiteElo "1801"]
[BlackElo "2236"]
[PlyCount "106"]
[EventDate "2019.01.27"]
[EventType "swiss"]
[EventRounds "11"]
[EventCountry "TUR"]
[SourceTitle "CBM 188 Extra"]
[Source "ChessBase"]
[SourceDate "2019.02.26"]
[SourceVersion "1"]
[SourceVersionDate "2019.02.26"]
[SourceQuality "1"]

1. d4 d5 2. c4 e6 3. Nf3 Nf6 4. Nc3 c6 5. cxd5 exd5 6. Bf4 Bd6 7. Ne5 0-0 8. e3 Bf5 9. Bd3 Bxd3 10. Qxd3 Qe7 11. 0-0 Nbd7 12. Nxd7 Nxd7 13. Bxd6 Qxd6 14. Rab1 a5 15. Rfc1 f5 16. Na4 f4 17. Nc5 fxe3 18. Qxe3 Rae8 19. Qg3 Qxg3 20. hxg3 Nxc5 21. dxc5 Re2 22. Rf1 Rc2 23. b4 axb4 24. Rxb4 Rf7 25. f3 Rxc5 26. Re1 g6 27. Re2 Rd7 28. Kf2 Rc1 29. Rbb2 Kf7 30. g4 d4 31. Rbc2 Ra1 32. Rc4 Rd5 33. f4 c5 34. a4 Rb1 35. Kf3 b6 36. g3 Rb3+ 37. Kf2 Ra3 38. Rb2 Rd6 39. f5 gxf5 40. gxf5 Kf6 41. Rb5 Rc6 42. Kg2 Ke5 43. Rb1 Kxf5 44. Rc2 Ke4 45. Re2+ Re3 46. Rf2 Rg6 47. Rf4+ Kd3 48. Rf3 Rxf3 49. Kxf3 Rf6+ 50. Kg2 Kc2 51. Ra1 d3 52. Ra2+ Kb3 53. Rd2 Kc3 0-1

[Event "TUR-chT 1st League"]
[Site "Konya"]
[Date "2018.07.18"]
[Round "4.5"]
[White "Erdogan, Hakan"]
[Black "Yuksel, Atilla Koksal"]
[Result "0-1"]
[WhiteElo "2091"]
[BlackElo "2227"]
[PlyCount "106"]
[EventDate "2018.07.16"]
[EventType "team-swiss"]
[EventRounds "9"]
[EventCountry "TUR"]
[SourceTitle "EXT 2019"]
[Source "ChessBase"]
[SourceDate "2018.10.10"]
[SourceVersion "1"]
[SourceVersionDate "2018.10.10"]
[SourceQuality "1"]
[WhiteTeam "Istanbul Teknik Uni"]
[BlackTeam "Ankara Dernegi"]
[WhiteTeamCountry "TUR"]
[BlackTeamCountry "TUR"]

1. d4 e6 2. c4 b6 3. e4 Bb7 4. Bd3 Bb4+ 5. Bd2 Bxd2+ 6. Nxd2 f5 7. exf5 Bxg2 8. Qh5+ Kf8 9. Be4 Nf6 10. Qg5 Bxh1 11. Bxh1 c6 12. fxe6 dxe6 13. 0-0-0 Kf7 14. Ngf3 Nbd7 15. Ne5+ Nxe5 16. dxe5 Nd7 17. Qf4+ Kg8 18. Nb3 Qf8 19. Qg4 Qe7 20. f4 Nf8 21. Bxc6 Rd8 22. Rxd8 Qxd8 23. f5 h5 24. Qh3 Qg5+ 25. Kc2 Qxf5+ 26. Qxf5 exf5 27. Bd5+ Kh7 28. Nd4 Ng6 29. e6 Ne7 30. Nc6 Nxc6 31. Bxc6 Kg6 32. e7 Kf7 33. e8Q+ Rxe8 34. Bxe8+ Kxe8 35. Kd3 Kd7 36. h4 Ke6 37. Kd4 a5 38. b3 a4 39. b4 a3 40. Kd3 Ke5 41. Ke3 g6 42. Kd3 f4 43. c5 bxc5 44. bxc5 Kd5 45. c6 Kxc6 46. Ke4 Kd6 47. Kxf4 Ke6 48. Ke4 Kf6 49. Kf4 g5+ 50. hxg5+ Kg6 51. Kf3 Kxg5 52. Kg3 Kf5 53. Kh4 Ke4 0-1

[Event "TUR-chT 1st League"]
[Site "Konya"]
[Date "2018.07.17"]
[Round "2.3"]
[White "Uzunoglu, Efe Kerem"]
[Black "Yuksel, Atilla Koksal"]
[Result "0-1"]
[WhiteElo "2114"]
[BlackElo "2227"]
[PlyCount "130"]
[EventDate "2018.07.16"]
[EventType "team-swiss"]
[EventRounds "9"]
[EventCountry "TUR"]
[SourceTitle "EXT 2019"]
[Source "ChessBase"]
[SourceDate "2018.10.10"]
[SourceVersion "1"]
[SourceVersionDate "2018.10.10"]
[SourceQuality "1"]
[WhiteTeam "Denizli Metin Surmeli"]
[BlackTeam "Ankara Dernegi"]
[WhiteTeamCountry "TUR"]
[BlackTeamCountry "TUR"]

1. d4 e6 2. g3 b6 3. Bg2 d5 4. c4 Bb7 5. Nf3 Nf6 6. 0-0 Be7 7. cxd5 exd5 8. Nc3 0-0 9. Ne5 Ne4 10. Qb3 Bf6 11. Rd1 Nxc3 12. bxc3 Re8 13. e4 Nd7 14. Nxd7 Qxd7 15. exd5 Rad8 16. c4 c6 17. dxc6 Bxc6 18. Be3 Ba4 19. Qb4 Bxd1 20. Rxd1 Rc8 21. Bd5 Red8 22. h4 Bxh4 23. Qb3 Bf6 24. a4 g6 25. Kg2 h5 26. Bf4 Kg7 27. Be5 Re8 28. Bxf6+ Kxf6 29. a5 bxa5 30. Rd3 Kg7 31. Rf3 f6 32. Qa2 Qg4 33. Rf4 Qd7 34. Qxa5 Rb8 35. Rf3 Re7 36. Qd2 Qg4 37. Bc6 Rd8 38. Rf4 Qe6 39. Bd5 Qe1 40. Qd3 a5 41. Qf3 Rf8 42. c5 a4 43. Bc6 Qb4 44. d5 Qxc5 45. Rxa4 Qd6 46. Rf4 Rb8 47. Ra4 Rb2 48. Ra8 Rb8 49. Ra4 Qe5 50. Ra3 Rd8 51. Re3 Qd6 52. Rb3 Rb8 53. Ra3 Qb4 54. Ra4 Qd2 55. Rf4 Rf8 56. Bb5 Re5 57. Bd3 Qa5 58. Bc4 Qc5 59. Qd3 Qd6 60. Qd4 Rf7 61. Rf3 Rfe7 62. Rb3 Re4 63. Qd3 h4 64. Rb2 hxg3 65. f3 Rh4 0-1

[Event "EU-ch 19th"]
[Site "Batumi"]
[Date "2018.03.25"]
[Round "8"]
[White "Janiashvili, Mariam"]
[Black "Yuksel, Atilla Koksal"]
[Result "0-1"]
[WhiteElo "1987"]
[BlackElo "2237"]
[PlyCount "118"]
[EventDate "2018.03.17"]
[EventType "swiss"]
[EventRounds "11"]
[EventCountry "GEO"]
[SourceTitle "CBM 184"]
[Source "ChessBase"]
[SourceDate "2018.05.16"]
[SourceVersion "1"]
[SourceVersionDate "2018.05.16"]
[SourceQuality "1"]

1. d4 Nf6 2. c4 e6 3. Nf3 d5 4. Nc3 Nbd7 5. Bg5 c6 6. cxd5 exd5 7. e3 Be7 8. Bd3 0-0 9. Qc2 Re8 10. Ne5 Nf8 11. 0-0 Ng4 12. Bxe7 Qxe7 13. Nxg4 Bxg4 14. Rae1 Rad8 15. Ne2 Bxe2 16. Rxe2 Rd6 17. f3 g6 18. Rfe1 Re6 19. Qb3 b6 20. a4 Qd6 21. Bb1 Nd7 22. Ba2 Kg7 23. Qc3 f5 24. e4 fxe4 25. fxe4 Rxe4 26. Rxe4 Rxe4 27. Rxe4 dxe4 28. d5+ Nf6 29. dxc6 e3 30. h3 e2 31. c7 Qd1+ 32. Kh2 e1Q 33. Qxe1 Qxe1 34. c8Q Qe5+ 35. Kg1 Qd4+ 36. Kh2 Qd6+ 37. Kg1 Qd1+ 38. Kh2 Qxa4 39. Qc7+ Qd7 40. Qe5 Qf5 41. Qxf5 gxf5 42. Kg3 Ne8 43. Kf4 Kf6 44. b4 a5 45. bxa5 bxa5 46. Bb3 Nc7 47. g4 Ne6+ 48. Ke3 f4+ 49. Kf2 Nd4 50. Bg8 Kg7 51. Bd5 a4 52. h4 a3 53. Ba2 Kf6 54. Bb1 Nb5 55. Ba2 Nc3 56. Bb3 a2 57. Bxa2 Nxa2 58. Kf3 Ke5 59. g5 Kf5 0-1

[Event "EU-ch 19th"]
[Site "Batumi"]
[Date "2018.03.22"]
[Round "6"]
[White "Schekachikhin, Maksim"]
[Black "Yuksel, Atilla Koksal"]
[Result "1-0"]
[WhiteElo "2406"]
[BlackElo "2237"]
[PlyCount "44"]
[EventDate "2018.03.17"]
[EventType "swiss"]
[EventRounds "11"]
[EventCountry "GEO"]
[SourceTitle "CBM 184"]
[Source "ChessBase"]
[SourceDate "2018.05.16"]
[SourceVersion "1"]
[SourceVersionDate "2018.05.16"]
[SourceQuality "1"]

1. c4 b6 2. Nc3 Bb7 3. d4 e6 4. a3 f5 5. d5 Nf6 6. g3 g6 7. Bg2 Bg7 8. Nh3 0-0 9. 0-0 Na6 10. Bg5 h6 11. Bd2 Nc5 12. Qc2 Kh7 13. Rad1 Qe8 14. Nb5 Qc8 15. Bf4 d6 16. b4 Na6 17. Bxd6 cxd6 18. Nxd6 Qc7 19. Nxb7 exd5 20. b5 Nb8 21. Nf4 Qxb7 22. Nxd5 Nbd7 1-0

[Event "EU-ch 19th"]
[Site "Batumi"]
[Date "2018.03.21"]
[Round "5"]
[White "Yuksel, Atilla Koksal"]
[Black "Danielian, Elina"]
[Result "1/2-1/2"]
[WhiteElo "2237"]
[BlackElo "2413"]
[PlyCount "118"]
[EventDate "2018.03.17"]
[EventType "swiss"]
[EventRounds "11"]
[EventCountry "GEO"]
[SourceTitle "CBM 184"]
[Source "ChessBase"]
[SourceDate "2018.05.16"]
[SourceVersion "1"]
[SourceVersionDate "2018.05.16"]
[SourceQuality "1"]

1. e4 e6 2. d4 d5 3. Nc3 Nf6 4. e5 Nfd7 5. f4 c5 6. Nf3 Nc6 7. Be3 a6 8. Qd2 b5 9. a3 Qa5 10. dxc5 Bxc5 11. Nd4 Bxd4 12. Bxd4 b4 13. Ne2 Rb8 14. b3 0-0 15. axb4 Qxb4 16. Qxb4 Nxb4 17. Kd2 f6 18. exf6 gxf6 19. g3 e5 20. Bc3 d4 21. Bxb4 Rxb4 22. Bg2 Re8 23. Ra5 Nb6 24. fxe5 fxe5 25. Be4 Nd7 26. Nc1 Nf6 27. Re1 Rb5 28. Rxb5 axb5 29. Nd3 Ng4 30. h3 Ne3 31. g4 Kg7 32. Ra1 h5 33. Ra7+ Kf6 34. gxh5 Bf5 35. Nf2 Kg5 36. Rf7 Be6 37. Rg7+ Kxh5 38. Bg6+ Kh6 39. Bxe8 Kxg7 40. Bxb5 Kh6 41. Bc6 Kg5 42. b4 Bf5 43. Be4 Bxe4 44. Nxe4+ Kf4 45. Nd6 Nd5 46. b5 e4 47. Nxe4 Kxe4 48. h4 Ke5 49. Kd3 Nb4+ 50. Kd2 Nd5 51. Kd3 Nb4+ 52. Ke2 Nxc2 53. b6 Nb4 54. b7 Na6 55. h5 Kf5 56. h6 Kg6 57. Kd3 Nc5+ 58. Kxd4 Nxb7 59. h7 Kxh7 1/2-1/2

[Event "EU-ch 19th"]
[Site "Batumi"]
[Date "2018.03.17"]
[Round "1"]
[White "Yuksel, Atilla Koksal"]
[Black "Fedorov, Alexei"]
[Result "1/2-1/2"]
[WhiteElo "2237"]
[BlackElo "2559"]
[PlyCount "111"]
[EventDate "2018.03.17"]
[EventType "swiss"]
[EventRounds "11"]
[EventCountry "GEO"]
[SourceTitle "CBM 184"]
[Source "ChessBase"]
[SourceDate "2018.05.16"]
[SourceVersion "1"]
[SourceVersionDate "2018.05.16"]
[SourceQuality "1"]

1. e4 c5 2. Nc3 a6 3. a4 e6 4. Bc4 Nf6 5. e5 d5 6. exf6 dxc4 7. fxg7 Bxg7 8. Qg4 Bd4 9. Ne4 f5 10. Qh5+ Kd7 11. Ng5 Nc6 12. N1f3 h6 13. Nh3 Kc7 14. 0-0 Bd7 15. Nf4 Qg8 16. d3 c3 17. bxc3 Bxc3 18. Ra3 Bb4 19. Ra1 e5 20. Ne2 Re8 21. Bb2 Rh7 22. Ng3 f4 23. Nf5 Qf7 24. Qxf7 Rxf7 25. N5h4 e4 26. dxe4 Rxe4 27. c3 Ba5 28. Rfe1 Rfe7 29. Ng6 Re8 30. Rxe4 Rxe4 31. Nd2 Re2 32. Rd1 Nd4 33. Nxf4 Bxa4 34. cxd4 Bxd1 35. Nxe2 Bxd2 36. Nc3 Bc2 37. dxc5 Kc6 38. f3 Kxc5 39. Ne4+ Bxe4 40. fxe4 b5 41. Kf2 Kc4 42. Ke2 Bg5 43. Bg7 a5 44. h4 Bxh4 45. Bxh6 Bf6 46. g4 Bb2 47. Kd2 Be5 48. g5 Bf4+ 49. Kc2 a4 50. e5 Kd5 51. Kc3 Bxe5+ 52. Kb4 Bd6+ 53. Kxb5 a3 54. g6 Ke6 55. Bc1 a2 56. Bb2 1/2-1/2

[Event "Lisbon Portugal op"]
[Site "Lisbon"]
[Date "2018.02.04"]
[Round "2"]
[White "Yuksel, Atilla Koksal"]
[Black "Petrov, Nikita"]
[Result "0-1"]
[WhiteElo "2248"]
[BlackElo "2573"]
[PlyCount "58"]
[EventDate "2018.02.03"]
[EventType "swiss"]
[EventRounds "9"]
[EventCountry "POR"]
[SourceTitle "CBM 182 Extra"]
[Source "ChessBase"]
[SourceDate "2018.02.23"]
[SourceVersion "1"]
[SourceVersionDate "2018.02.23"]
[SourceQuality "1"]

1. e4 e5 2. d4 exd4 3. Qxd4 Nc6 4. Qe3 Nf6 5. Nc3 Bb4 6. Bd2 0-0 7. 0-0-0 Re8 8. Qg3 Rxe4 9. a3 Bxc3 10. Bxc3 d5 11. f3 Re3 12. Bd3 d4 13. Qh4 Qd6 14. Bd2 Rxd3 15. cxd3 Bf5 16. Bf4 Qc5+ 17. Kb1 Qb5 18. Qe1 Nd5 19. Bd2 Bxd3+ 20. Ka1 Bc4 21. Rc1 Qb3 22. Rxc4 Qxc4 23. Nh3 d3 24. Qc1 Qb3 25. Bc3 Nxc3 26. Qxc3 Qxc3 27. bxc3 Ne5 28. Rd1 Rd8 29. Kb2 Nc4+ 0-1

[Event "Lisbon Portugal op"]
[Site "Lisbon"]
[Date "2018.02.03"]
[Round "1"]
[White "Soares, Pedro Jose Garcia P"]
[Black "Yuksel, Atilla Koksal"]
[Result "0-1"]
[WhiteElo "1713"]
[BlackElo "2248"]
[PlyCount "90"]
[EventDate "2018.02.03"]
[EventType "swiss"]
[EventRounds "9"]
[EventCountry "POR"]
[SourceTitle "EXT 2019"]
[Source "ChessBase"]
[SourceDate "2018.10.10"]
[SourceVersion "1"]
[SourceVersionDate "2018.10.10"]
[SourceQuality "1"]

1. d4 d5 2. c4 e6 3. Nc3 Nf6 4. Bg5 Nbd7 5. cxd5 exd5 6. Qc2 c6 7. e3 Be7 8. Bd3 0-0 9. Nge2 Re8 10. 0-0 Nf8 11. Rae1 Bg4 12. f3 Bh5 13. Bh4 Bg6 14. Nf4 Nh5 15. Bxe7 Qxe7 16. Nxg6 Nxg6 17. Bxg6 hxg6 18. e4 dxe4 19. fxe4 Rad8 20. Qf2 Qf6 21. Qxf6 Nxf6 22. e5 Nd5 23. Ne4 Re7 24. Nd6 Nb6 25. Rd1 Nc8 26. Nxc8 Rxc8 27. Rd3 Rd8 28. Rfd1 Rd5 29. Kf2 Kf8 30. Kf3 a5 31. g4 g5 32. h3 Ke8 33. Kf2 Kd7 34. Kf3 Ke6 35. Kf2 Red7 36. Ke3 c5 37. Ke4 cxd4 38. Rxd4 Rxe5+ 39. Kf3 Rxd4 40. Rxd4 Rd5 41. Re4+ Kd6 42. Re3 b5 43. a4 bxa4 44. Ra3 Rd4 45. Ke3 Rb4 0-1

[Event "Benidorm op U2300 16th"]
[Site "Benidorm"]
[Date "2017.12.07"]
[Round "8"]
[White "Yuksel, Atilla Koksal"]
[Black "Lornye, Pylyp"]
[Result "1/2-1/2"]
[WhiteElo "2184"]
[BlackElo "2264"]
[PlyCount "70"]
[EventDate "2017.12.01"]
[EventType "swiss"]
[EventRounds "10"]
[EventCountry "ESP"]
[SourceTitle "EXT 2019"]
[Source "ChessBase"]
[SourceDate "2018.10.10"]
[SourceVersion "1"]
[SourceVersionDate "2018.10.10"]
[SourceQuality "1"]

1. e4 d6 2. d4 Nf6 3. Nc3 g6 4. Be3 Bg7 5. f3 c6 6. Qd2 b5 7. g4 Nbd7 8. h4 0-0 9. h5 e5 10. dxe5 Nxe5 11. 0-0-0 b4 12. Nb1 a5 13. Qxd6 Qxd6 14. Rxd6 Be6 15. h6 Bh8 16. a4 b3 17. c3 Bc4 18. Nh3 Bxf1 19. Rxf1 Nc4 20. Rd3 Rfd8 21. Rxd8+ Rxd8 22. Bg5 Rd6 23. Nd2 Nxd2 24. Bxd2 Nd7 25. Bf4 Be5 26. Be3 Rd3 27. Ba7 Bd6 28. Nf2 Bf4+ 29. Kb1 Rd2 30. Rd1 Rxd1+ 31. Nxd1 Bxh6 32. Nf2 Ne5 33. Bb6 Nxf3 34. Bxa5 Nd2+ 35. Ka1 Be3 1/2-1/2

[Event "Calvia Amateur op 14th"]
[Site "Calvia"]
[Date "2017.10.11"]
[Round "5"]
[White "Bullen, Alex"]
[Black "Yuksel, Atilla Koksal"]
[Result "0-1"]
[WhiteElo "2047"]
[BlackElo "2142"]
[PlyCount "68"]
[EventDate "2017.10.07"]
[EventType "swiss"]
[EventRounds "9"]
[EventCountry "ESP"]
[SourceTitle "CBM 181 Extra"]
[Source "ChessBase"]
[SourceDate "2017.12.12"]
[SourceVersion "1"]
[SourceVersionDate "2017.12.12"]
[SourceQuality "1"]

1. d4 e6 2. e4 b6 3. Nf3 Bb7 4. Bd3 g6 5. 0-0 Bg7 6. Bg5 Ne7 7. c3 h6 8. Be3 0-0 9. Na3 d6 10. Ne1 Nd7 11. f4 f5 12. Qb3 Kh7 13. e5 dxe5 14. dxe5 Nd5 15. Nac2 Nxe3 16. Nxe3 Nc5 17. Qc2 Nxd3 18. Nxd3 Qe7 19. Qf2 Rfd8 20. Rfd1 Bf8 21. h3 Qe8 22. Kh2 Be4 23. Qe2 a5 24. Nf2 Bb7 25. g4 Bc5 26. gxf5 gxf5 27. Nd3 Bxe3 28. Qxe3 Qc6 29. Rg1 Rg8 30. Qf2 Rad8 31. Ne1 Rxg1 32. Qxg1 Rg8 33. Qf1 Qd5 34. Qd3 Qh1# 0-1

[Event "Calvia Amateur op 14th"]
[Site "Calvia"]
[Date "2017.10.10"]
[Round "4"]
[White "Yuksel, Atilla Koksal"]
[Black "Pons Morro, Mateo Andres"]
[Result "1-0"]
[WhiteElo "2142"]
[BlackElo "2122"]
[PlyCount "105"]
[EventDate "2017.10.07"]
[EventType "swiss"]
[EventRounds "9"]
[EventCountry "ESP"]
[SourceTitle "CBM 181 Extra"]
[Source "ChessBase"]
[SourceDate "2017.12.12"]
[SourceVersion "1"]
[SourceVersionDate "2017.12.12"]
[SourceQuality "1"]

1. e4 e5 2. Nf3 Nc6 3. d4 exd4 4. Bc4 Nf6 5. 0-0 Nxe4 6. Re1 d5 7. Bxd5 Qxd5 8. Nc3 Qf5 9. Nxe4 Be7 10. Bg5 f6 11. Nh4 Qg4 12. f3 Qh5 13. Bxf6 0-0 14. Bxe7 Nxe7 15. g3 Nc6 16. f4 Bg4 17. Qd3 h6 18. Qb3+ Qf7 19. Qxb7 Na5 20. Qa6 Nc4 21. Nf2 Bd7 22. Nd3 Qd5 23. Ne5 Bb5 24. Qg6 Ne3 25. c4 Nxc4 26. Nxc4 Bxc4 27. b3 Bb5 28. Re5 Qd7 29. Nf5 Rf6 30. Qxg7+ Qxg7 31. Nxg7 Kxg7 32. Rxb5 Rd6 33. Rd1 Kf6 34. Rd3 a5 35. a4 Ke6 36. Re5+ Kd7 37. Rc5 Re8 38. Kf2 Ra8 39. Rc4 Rb8 40. Rcxd4 Rxd4 41. Rxd4+ Ke6 42. Rd3 c5 43. Ke3 Rb4 44. g4 Rb8 45. h4 Rb4 46. h5 c4 47. bxc4 Rxc4 48. Rd4 Rc3+ 49. Ke4 Rg3 50. f5+ Ke7 51. Ke5 Re3+ 52. Kf4 Re1 53. Re4+ 1-0